000 00650nam a2200217 a 4500
999 _c497
_d497
008 190903s2006 ii |||gr|||| 001 0 eng d
020 _a9780143062127
_cRs. 299.00
040 _aKO
_beng
041 0 _aeng
044 _aii
082 0 4 _223
_a320.954
_bJ216
100 1 _aJalan, Bimal
245 1 0 _aThe Future of India :
_bPolitics, Economics and Governance /
_cBimal Jalan
260 _aNew Delhi :
_bPenguin Books India Pvt. Ltd,
_c2006
300 _axvii, 212 p. ;
_c21 cm.
504 _aIncludes Index.
650 0 _aIndia
_xPolitics and government
_vTextbooks
650 0 _aIndia
_x Economic conditions
_vTextbooks
942 _cBK